|
|
|
|
| LEADER |
00961nab a2200217 i 4500 |
| 001 |
acta80832 |
| 005 |
20230830133159.0 |
| 008 |
230830s1980 hu o 0|| hun d |
| 022 |
|
|
|a 0422-9576
|
| 040 |
|
|
|a SZTE Egyetemi Kiadványok Repozitórium
|b hun
|
| 041 |
|
|
|a hun
|
| 100 |
1 |
|
|a Vajda Ödön
|
| 245 |
1 |
2 |
|a A hatósági élelmiszerellenőrzés egységesítésének tapasztalatai és feladatai
|h [elektronikus dokumentum] /
|c Vajda Ödön
|
| 260 |
|
|
|a Lapkiadó Vállalat
|b Budapest
|c 1980
|
| 300 |
|
|
|a 11-18
|
| 490 |
0 |
|
|a Élelmiszervizsgálati közlemények
|v 26 No. 1-2
|
| 650 |
|
4 |
|a Műszaki és technológiai tudományok
|
| 650 |
|
4 |
|a Egyéb műszaki tudományok és technológiák
|
| 650 |
|
4 |
|a Élelmiszer és italfélék
|
| 695 |
|
|
|a Élelmiszeripar - minőségellenőrzés, Élelmiszerellenőrzés - hatósági, Élelmiszerbiztonság
|
| 856 |
4 |
0 |
|u http://acta.bibl.u-szeged.hu/80832/1/elelmiszervizsgalati_kozlemenyek_1980_01-02_011-018.pdf
|z Dokumentum-elérés
|